000 01514nam a2200481 i 4500
001 45430
003 KOSZ 005
005 20220316151833.0
008 040924s2004 pl a |001 0 pol
015 _aUWD 2004/18168
020 _a8372793522
035 _a991024864249705066
035 _a(PL-WaBN)b16787274-48omnis_nlop
035 _ab16787274
035 _a(OCoLC)749662727
035 _azz2004990988
035 _a(PL)b0000001678727
035 _a(EXLNZ-48OMNIS_NETWORK)9910357834005606
040 _aWA N
_cWA N
_dKOSZ 005/HR
041 1 _apol
_heng
046 _k2004
080 _a004.652
080 _a(07)
100 1 _aDuBois, Paul
_d(1956- )
_eAutor
245 1 0 _aMySQL /
_cPaul DuBois.
250 _aWyd. 2 rozsz. /
_bprzekł. z jęz. ang. Anna Zawadzka.
260 _aWarszawa :
_b"Mikom",
_c2004.
300 _a1064 s. :
_btab. ;
_c24 cm.
336 _aTekst
_btxt
_2rdacontent
337 _aBez urządzenia pośredniczącego
_bn
_2rdamedia
338 _aWolumin
_bnc
_2rdacarrier
380 _aKsiążki
388 _a2001-
504 _aIndeks.
650 7 _aMySQL (program komputerowy)
_2DBN
655 7 _aPodręcznik
_2DBN
658 _aInformatyka i technologie informacyjne
700 1 _aZawadzka, Anna
_d(1968- )
_eTłumaczenie
710 2 _aWydawnictwo Mikom
_4pbl
856 _uhttp://koha.tu.koszalin.pl/cgi-bin/koha/opac-detail.pl?biblionumber=45430
_yKatalog online BPK
942 _2UKD
_cKS
999 _c45430
_d45430